000 00825nab a2200241 u 4500
001 08623
003 HDC
007 cr bn ---aaaaa
008 210130c2013 my dr|nes 0 a may d
040 _aHDC
100 _aHafiz Ithnin
_eauthor
_97623
245 0 _aDana RM1b Bantu Pemilikan Ekuiti / oleh
_cHafiz Ithnin
260 _aKuala Lumpur :
_bThe New Straits Times Press (M) Bhd.,
_c2013
336 _atext
_2rdacontent
337 _acomputer
_2rdamedia
338 _aonline resource
_2rdacarrier
650 _aFinancing fund
_99096
650 _asmall and medium enterprises
_95226
856 _zRequest full-text at [email protected]
942 _2lcc
942 _cNEWS
942 _kNWSC 002377
999 _c5946
_d5946